000 00179 a2200097 4500
020 _a9788484640172
041 _aspa
100 _aCarballeira, Paula
245 _aMateo
942 _cBK
999 _c9956
_d9956